| 000 | 01045nam a22003137a 4500 | ||
|---|---|---|---|
| 003 | CHAP | ||
| 005 | 20220329140336.0 | ||
| 008 | 971013s1965 r 00010 d | ||
| 010 | _a50693 | ||
| 011 | _a51665 | ||
| 035 | _a55815 | ||
| 040 | _cCHAP | ||
| 090 | _aTesis | ||
| 100 | 0 | 0 |
_aRodríguez García, Arturo. _998507 |
| 245 | _aInstalación eléctrica, hidráulica y torre de enfriamiento para una planta de fertilizantes químicos | ||
| 260 |
_aMéxico, D. F. : _bEl autor, _c1965 |
||
| 300 |
_a97 h. _b; gráfs. |
||
| 502 | _aTesis (Ing. Mecánico) -- UNAM. Facultad de Ingeniería | ||
| 590 |
_aALEPH _b10 _c20130110 _lUCH01 _h1325 |
||
| 590 |
_aBATCH-UPD _b10 _c20130110 _lUCH01 _h0733 |
||
| 590 |
_aBATCH-UPD _b10 _c20130410 _lUCH01 _h0416 |
||
| 590 |
_aBATCH-UPD _b10 _c20130914 _lUCH01 _h1403 |
||
| 590 |
_aCONVERSION _b10 _c20130109 _lUCH01 _h1328 |
||
| 650 | 1 | 4 |
_aFertilizantes _xIndustria _xMéxico. _940576 |
| 650 | 1 | 4 |
_aProyectos industriales. _992531 |
| 901 | _aBK | ||
| 942 | _cTESIS | ||
| 949 |
_bBC _cTES _d-122259 _eTS1 _i55815 _si |
||
| 999 |
_c50693 _d50693 |
||